| 000 | 00556nam a2200217 a 4500 | ||
|---|---|---|---|
| 999 |
_c5285 _d5285 |
||
| 001 | 5285 | ||
| 003 | BD-JhCC | ||
| 005 | 20180305193306.0 | ||
| 008 | 171212s1995 u a|||| || | 001 0 eng d | ||
| 035 | _a(BD-JhCC)5285 | ||
| 040 |
_aBD-JhCC _dBD-JhCC |
||
| 041 | _aeng | ||
| 082 |
_a808 _bCOR 1995 |
||
| 100 | _aCorbin, K. Richard | ||
| 245 |
_aGuide to Modern English / _cK. Richard Corbin, |
||
| 260 |
_aUSA : _bScott, Foresman and Company, _c1995 |
||
| 300 |
_a528 p. : _c24 cm. |
||
| 650 | _aEnglish Language | ||
| 942 |
_2ddc _cBK |
||